Paragon Mortgages buy-to-let index (Record no. 105976)

MARC details
000 -LEADER
fixed length control field 01242cam a2200229 4500
001 - CONTROL NUMBER
control field ##L135275
008 - FIXED-LENGTH DATA ELEMENTS--GENERAL INFORMATION
fixed length control field 061010n2006 000 0 eng u
035 ## - SYSTEM CONTROL NUMBER
System control number (Sirsi) u135275
041 0# - LANGUAGE CODE
Language code of text/sound track or separate title eng
050 04 - LIBRARY OF CONGRESS CALL NUMBER
Classification number 332.6324 $2 18
110 2# - MAIN ENTRY--CORPORATE NAME
Corporate name or jurisdiction name as entry element Paragon Mortgages
9 (RLIN) 4976
245 00 - TITLE STATEMENT
Title Paragon Mortgages buy-to-let index
260 ## - PUBLICATION, DISTRIBUTION, ETC.
Place of publication, distribution, etc. Solihull
Name of publisher, distributor, etc. Paragon Mortgages
Date of publication, distribution, etc. 2006
490 #0 - SERIES STATEMENT
Series statement Paragon Mortgages Buy-to-Let Index
520 ## - SUMMARY, ETC.
Summary, etc. Provides a statistical analysis of the buy-to-let-market: Highlights, averages, rental yield average for England and Wales, property value and rental income average for England and Wales, landlord property value, rental value, yield and percentage change by region, landlord property yields by region, landlord property values by region, landlord rental incomes by region, landlord property value, rental value, yield and percentage change by property type.
520 ## - SUMMARY, ETC.
Summary, etc. Publication of the index ceased July 2008.
650 24 - SUBJECT ADDED ENTRY--TOPICAL TERM
Topical term or geographic name entry element PARAGON MORTGAGES BUY-TO-LET INDEX
651 #4 - SUBJECT ADDED ENTRY--GEOGRAPHIC NAME
Geographic name England and Wales
Chronological subdivision 1543-
690 ## - LOCAL SUBJECT ADDED ENTRY--TOPICAL TERM (OCLC, RLIN)
Topical term or geographic name as entry element PROPERTY-RESIDENTIAL PROPERTY-RESIDENTIAL PROPERTY MARKET
856 40 - ELECTRONIC LOCATION AND ACCESS
Uniform Resource Identifier <a href="https://www.paragon-mortgages.co.uk/">https://www.paragon-mortgages.co.uk/</a>
Public note View the index free of charge at www.paragon-mortgages.co.uk...
942 ## - ADDED ENTRY ELEMENTS (KOHA)
Suppress in OPAC 0
Holdings
Withdrawn status Lost status Source of classification or shelving scheme Damaged status Not for loan Home library Current library Shelving location Date acquired Total Checkouts Full call number Barcode Date last seen Copy number Price effective from Koha item type
    Dewey Decimal Classification     Virtual Virtual Online 10/10/2006   ONLINE PUBLICATION 135275-2001 06/08/2019 1 06/08/2019 Book